বাল্মীকি রামায়ণ খ.১ : (Record no. 97977)
[ view plain ]
| 000 -LEADER | |
|---|---|
| fixed length control field | 01025nam a2200253 a 4500 |
| 001 - CONTROL NUMBER | |
| control field | 097977 |
| 003 - CONTROL NUMBER IDENTIFIER | |
| control field | BD-ChCU |
| 005 - DATE AND TIME OF LATEST TRANSACTION | |
| control field | 20230204170538.0 |
| 008 - FIXED-LENGTH DATA ELEMENTS--GENERAL INFORMATION | |
| fixed length control field | 2016s2017 aii b 001 ben |
| 020 ## - INTERNATIONAL STANDARD BOOK NUMBER | |
| International Standard Book Number | ৯৭৮ ৯৩ ৮৫১৩১ ৫৩ ০ |
| 040 ## - CATALOGING SOURCE | |
| Original cataloging agency | DLC |
| Transcribing agency | DLC |
| Modifying agency | BD-ChCU |
| 082 00 - DEWEY DECIMAL CLASSIFICATION NUMBER | |
| Classification number | ৩৯৪.৫৯২২/বাল্মী৮৮ |
| 100 1# - MAIN ENTRY--PERSONAL NAME | |
| Personal name | |
| Titles and words associated with a name | |
| 245 00 - TITLE STATEMENT | |
| Title | বাল্মীকি রামায়ণ খ.১ : |
| Statement of responsibility, etc. | ভূমিকা, টিকা ও নির্ঘন্ট সংবলিত । |
| -- | |
| 246 00 - VARYING FORM OF TITLE | |
| Title proper/short title | Balmiki ramayon kha.1 : |
| -- | vumika, tika o nirghonto songbolito. |
| -- | |
| 250 ## - EDITION STATEMENT | |
| Edition statement | সং |
| 260 ## - PUBLICATION, DISTRIBUTION, ETC. | |
| Place of publication, distribution, etc. | কলকাতা |
| Date of publication, distribution, etc. | বঙ্গীয় সাহিত্য সংসদ |
| -- | ২০১৬ |
| 300 ## - PHYSICAL DESCRIPTION | |
| Extent | ৬২৪পৃ: |
| 504 ## - BIBLIOGRAPHY, ETC. NOTE | |
| Bibliography, etc. note | Includes index and bibliography. |
| 650 #0 - SUBJECT ADDED ENTRY--TOPICAL TERM | |
| Topical term or geographic name entry element | হিন্দু ধর্ম । |
| Location of event | রামায়ণ |
| 650 ## - SUBJECT ADDED ENTRY--TOPICAL TERM | |
| Topical term or geographic name entry element | Hindu dharma |
| 700 1# - ADDED ENTRY--PERSONAL NAME | |
| Personal name | ভট্টাচার্য, সুভাষ (অনু.) । |
| 942 ## - ADDED ENTRY ELEMENTS (KOHA) | |
| Source of classification or shelving scheme | Dewey Decimal Classification |
| Koha item type | Books |
| Withdrawn status | Lost status | Source of classification or shelving scheme | Damaged status | Not for loan | Home library | Current library | Date acquired | Source of acquisition | Total Checkouts | Full call number | Barcode | Date last seen | Copy number | Price effective from | Koha item type | Shelving location |
|---|---|---|---|---|---|---|---|---|---|---|---|---|---|---|---|---|
| Dewey Decimal Classification | Chittagong University Library | Chittagong University Library | 09/13/2017 | ক্রয়কৃত | ৩৯৪.৫৯২২/বাল্মী৮৮ | B৩১৫২৫০ | 09/13/2017 | ০১ | 09/13/2017 | Books | ||||||
| Dewey Decimal Classification | Chittagong University Library | Chittagong University Library | 01/18/2026 | ক্রয়কৃত | ৩৯৪.৫৯২২/বাল্মী৮৮ | 318641 | 01/18/2026 | 01/18/2026 | Books | Arts and Humanities Reading Room |